[Event "Oberliga Nord O 0102"]
[Site "Germany"]
[Date "2002.04.28"]
[Round "9.2"]
[White "Lisek, Juergen"]
[Black "Chatzidakis, Mihail"]
[Result "1/2-1/2"]
[WhiteElo "2305"]
[BlackElo "2225"]
[PlyCount "40"]
[EventDate "2001.10.07"]
[EventType "team"]
[EventRounds "9"]
[EventCountry "GER"]
[SourceTitle "EXT 2002"]
[Source "ChessBase"]
[SourceDate "2001.11.25"]
[SourceVersion "1"]
[SourceVersionDate "2001.11.25"]
[SourceQuality "1"]
[WhiteTeam "Berlin Rotation"]
[BlackTeam "Neukoelln II"]
[WhiteTeamCountry "GER"]
[BlackTeamCountry "GER"]

1. e4 c5 2. Nf3 Nc6 3. Bb5 g6 4. 0-0 Bg7 5. c3 Nf6 6. Re1 0-0 7. d4 Qb6 8. a4 cxd4 9. cxd4 d6 10. h3 a6 11. Bxc6 bxc6 12. a5 Qb7 13. Nc3 c5 14. dxc5 dxc5 15. e5 Nd7 16. Qa4 Nb8 17. Qh4 h5 18. Ne4 Bf5 19. Ng3 Bd3 20. Be3 c4 1/2-1/2

[Event "Oberliga Nord O 0102"]
[Site "Germany"]
[Date "2002.03.17"]
[Round "7.2"]
[White "Lisek, Juergen"]
[Black "Boetzer, Detlef"]
[Result "1/2-1/2"]
[WhiteElo "2305"]
[BlackElo "2295"]
[PlyCount "104"]
[EventDate "2001.10.07"]
[EventType "team"]
[EventRounds "9"]
[EventCountry "GER"]
[SourceTitle "EXT 2002"]
[Source "ChessBase"]
[SourceDate "2001.11.25"]
[SourceVersion "1"]
[SourceVersionDate "2001.11.25"]
[SourceQuality "1"]
[WhiteTeam "Berlin Rotation"]
[BlackTeam "Friesen Lichtenberg"]
[WhiteTeamCountry "GER"]
[BlackTeamCountry "GER"]

1. e4 c5 2. Nf3 e6 3. d4 cxd4 4. Nxd4 a6 5. Bd3 Qb6 6. Nb3 d6 7. 0-0 Nf6 8. a4 Be7 9. N1d2 Qc7 10. a5 Nbd7 11. f4 h5 12. Nf3 b5 13. axb6 Qxb6+ 14. Kh1 Bb7 15. Qe2 Ng4 16. Na5 Bc8 17. Nc4 Qc7 18. Bd2 h4 19. Nd4 Ngf6 20. e5 Nh5 21. Nxe6 Ng3+ 22. hxg3 hxg3+ 23. Kg1 fxe6 24. exd6 Bxd6 25. Qxe6+ Be7 26. Bb4 Ne5 27. Qxe7+ Qxe7 28. Bxe7 Nxd3 29. cxd3 Kxe7 30. Rf3 Rh4 31. Rxg3 Kf6 32. Nb6 Rb8 33. Nxc8 Rxc8 34. Rxa6+ Kf5 35. Ra4 Rc1+ 36. Kf2 Rxf4+ 37. Rxf4+ Kxf4 38. Rxg7 Rc2+ 39. Kg1 Rxb2 40. Kh2 Rb6 41. Rf7+ Ke3 42. Rf3+ Ke2 43. Kg3 Rg6+ 44. Kf4 Rxg2 45. d4 Rg8 46. Rh3 Rf8+ 47. Ke5 Re8+ 48. Kd6 Rd8+ 49. Kc5 Rc8+ 50. Kb4 Rb8+ 51. Kc4 Rc8+ 52. Kb3 Rd8 1/2-1/2

[Event "Oberliga Nord O 0102"]
[Site "Germany"]
[Date "2002.02.24"]
[Round "6.2"]
[White "Simon, Ralf Axel"]
[Black "Lisek, Juergen"]
[Result "0-1"]
[WhiteElo "2220"]
[BlackElo "2305"]
[PlyCount "77"]
[EventDate "2001.10.07"]
[EventType "team"]
[EventRounds "9"]
[EventCountry "GER"]
[SourceTitle "EXT 2002"]
[Source "ChessBase"]
[SourceDate "2001.11.25"]
[SourceVersion "1"]
[SourceVersionDate "2001.11.25"]
[SourceQuality "1"]
[WhiteTeam "Rehberge"]
[BlackTeam "Berlin Rotation"]
[WhiteTeamCountry "GER"]
[BlackTeamCountry "GER"]

1. d4 e6 2. e3 c5 3. Nf3 Nf6 4. Bd3 b6 5. 0-0 Bb7 6. c4 Be7 7. Nc3 0-0 8. d5 exd5 9. cxd5 d6 10. e4 Na6 11. Re1 Nc7 12. Rb1 Nd7 13. Bf4 Ne8 14. Qe2 Bf6 15. Ba6 Qc8 16. Bxb7 Qxb7 17. Nb5 Be5 18. Bxe5 Nxe5 19. Nxe5 dxe5 20. b4 cxb4 21. Rxb4 a6 22. Nc3 Nd6 23. Na4 b5 24. Nc5 Qa7 25. Nd3 Qe7 26. Rb2 Rac8 27. Nb4 Nc4 28. Nc6 Qc5 29. Rc2 Rce8 30. Kh1 f5 31. f3 fxe4 32. Qxe4 Qa3 33. Rd1 Rf4 34. Qe2 Qd6 35. Rc3 Ref8 36. g3 R4f7 37. Qxc4 bxc4 38. Kg2 Qc5 39. Rdc1 0-1